| 000 | 00602nam a2200193 4500 | ||
|---|---|---|---|
| 005 | 20241022121616.0 | ||
| 010 | _aENG-142252 | ||
| 020 |
_c395.00 _a9789391125653 |
||
| 035 | _aEN-125784 | ||
| 037 | _bDBAD | ||
| 082 | _aN | ||
| 100 |
_aPatil, Vishwas _973135 |
||
| 245 |
_aDudiya In Your Burning Land/ _bTranslated by Nadeem Khan |
||
| 250 | _aFirst | ||
| 260 |
_bNiyogi Books _aOkhla _c2023 |
||
| 270 |
_aBlock-D, Building No. 77, Okhla Industrial Area, Phase-1 _bNew Delhi _e110020 _k911126816301 _k26818960 _mniyogibooks@gmail.com |
||
| 300 |
_a219p. _c20cm(pb) |
||
| 942 |
_2ddc _cEN _hN _mPAT _e2023 |
||
| 999 |
_c206560 _d206560 |
||